Immigration Belgien - Statistiken

Allgemein
  • Dieses Quiz wurde 90 mal gespielt
  • Das Durchschnittsergebnis liegt bei 23 aus 30
Antwortstatistiken
Platz Land Anzahl % Korrekt
12. Deutschland 50.772
100%
3. Frankreich 217.200
99%
4. Niederlande 190.271
99%
8. Spanien 78.745
92%
1. Marokko 340.359
89%
7. Polen 97.183
88%
28. Vereinigte Staaten 13.820
88%
10. Russland 62.059
87%
16. Vereinigtes Königreich 29.504
87%
11. Portugal 54.719
86%
5. Türkei 161.581
86%
2. Italien 278.877
84%
14. Syrien 35.626
83%
15. Algerien 31.956
82%
22. Tunesien 20.921
80%
9. Demokratische Republik Kongo 65.687
78%
17. Griechenland 28.643
78%
21. China 22.283
76%
23. Irak 20.882
76%
19. Afghanistan 25.727
74%
18. Indien 27.267
72%
29. Iran 12.891
71%
6. Rumänien 120.929
68%
27. Pakistan 14.580
67%
13. Bulgarien 46.876
66%
25. Brasilien 15.158
61%
30. Albanien 12.641
58%
20. Kamerun 24.267
39%
26. Ruanda 14.729
22%
24. Guinea 19.244
14%
Keine übereinstimmenden Quizze gefunden
Verteilung der Resultate
Anzahl Personen mit jedem Resultat
Perzentil nach korrekt beantworteten Fragen
Ihre Resultats-Entwicklung
Sie haben dieses Quiz noch nicht gespielt